|
|
|
|
| LEADER |
00000cam a2200000 7i4500 |
| 001 |
0000027307 |
| 005 |
20090826.0 |
| 008 |
090826 |
| 020 |
|
|
|a 0814407404
|
| 090 |
0 |
0 |
|a 658.45
|b MAI
|
| 100 |
1 |
|
|a Mai, Robert, 1943-
|
| 245 |
1 |
4 |
|a The leader as communicator :
|b strategies and tactics to build loyalty, focus effort, and spark creativity
|c Robert Mai and Alan Akerson
|
| 260 |
|
|
|a New York :
|b Amacom ,
|c 2003
|
| 300 |
|
|
|a ix, 276p. ;
|c 23cm.
|
| 504 |
|
|
|a Includes bibliographical references and index
|
| 650 |
|
0 |
|a Communication in management
|
| 650 |
|
0 |
|a Communication in organizations
|
| 650 |
|
0 |
|a Leardership
|
| 700 |
1 |
|
|a Akerson, Alan, 1945-
|
| 999 |
|
|
|a 0001060059
|b Book
|c Adult Collection
|e Perbadanan Perpustakaan Awam Johor
|